| 000 | 01824cam a2200385 a 4500 | ||
|---|---|---|---|
| 001 | 14825987 | ||
| 005 | 20221006091350.0 | ||
| 008 | 070427s2008 enka b 001 0 eng | ||
| 010 | _a 2007016950 | ||
| 020 | _a9780415351201 (hardback) | ||
| 020 | _a0415351200 (hardback) | ||
| 020 | _a9780415351218 (pbk.) | ||
| 020 | _a0415351219 (pbk.) | ||
| 020 | _a9780203937327 (ebook) | ||
| 020 | _a0203937325 (ebook) | ||
| 035 | _a(OCoLC)ocn123912523 | ||
| 040 |
_aDLC _cDLC _dYDX _dBTCTA _dBAKER _dYDXCP _dIUP _dIAY _dDLC |
||
| 050 | 0 | 0 |
_aJZ1318 _b.S534 2008 |
| 082 | 0 | 0 |
_a341.2 _bSHA |
| 100 | 1 |
_aShaw, Timothy M. _999190 |
|
| 245 | 1 | 0 |
_aCommonwealth : _binter- and non-state contributions to global governance / _cTimothy M. Shaw. |
| 260 |
_aAbingdon, Oxon ; _aNew York, NY : _bRoutledge, _c2008. |
||
| 300 |
_axvi, 160 p. : _bill. ; _c22 cm. |
||
| 490 | 1 | _aRoutledge global institutions | |
| 504 | _aIncludes bibliographical references and index. | ||
| 505 | 0 | _aCommonwealth(s), inter- and non-state : how compatible? -- From decolonization to democratization : beyond the extended family to post-imperial nation-building? -- Commonwealths today : towards human development, human rights, and human security? -- Commonwealths' discourses and directions : pro- and/or anti-globalizations? -- Commonwealths and the competition : what niches? -- Commonwealths and the future. | |
| 650 | 0 |
_aInternational cooperation. _912487 |
|
| 650 | 0 | _aDemocratization. | |
| 650 | 0 | _aGlobalization. | |
| 830 | 0 |
_aGlobal institutions series _999191 |
|
| 856 | 4 | 1 |
_3Table of contents only _uhttp://www.loc.gov/catdir/toc/ecip0716/2007016950.html |
| 906 |
_a7 _bcbc _corignew _d1 _eecip _f20 _gy-gencatlg |
||
| 942 |
_2ddc _cBK |
||
| 999 |
_c591519 _d591519 |
||